The principles and concepts of Yoruba language and 1,122 Yoruba proverbs according to the wisdom of elders in Yoruba land

Saved in:
Bibliografiske detaljer
Hovedforfatter: OLAOYE, J.S
Format: Bog
Sprog:engelsk
Udgivet: Famost Print Media 2012
Tags: Tilføj Tag
Ingen Tags, Vær først til at tagge denne postø!

MARC

LEADER 00000nam a22000007a 4500
008 210122b ||||| |||| 00| 0 eng d
100 |a OLAOYE, J.S. 
245 |a The principles and concepts of Yoruba language and 1,122 Yoruba proverbs  |b according to the wisdom of elders in Yoruba land  |c J.S. Olaoye  |g xvii, 195p.  
250 |b 2nd ed 
260 |b Famost Print Media  |c 2012  |h Ilorin, Nigeria  |i 680468  |i 680469  |l PL8821 .Oi1  |m Yoruba language 
942 |a lcc  |c BK  |e Ogunmilade F.T.  |f 22/1/2021 
952 |0 0  |1 0  |2 lcc  |4 0  |6 PL8821 O I1  |7 0  |9 1502  |a HOL  |b ART  |c LP  |d 2021-01-22  |l 0  |o PL8821 .Oi1  |p 2021-0299  |r 2021-01-22 00:00:00  |w 2021-01-22  |y BK 
952 |0 0  |1 0  |2 lcc  |4 0  |6 PL8821 O I1  |7 0  |9 1503  |a HOL  |b HOL  |c LP  |d 2021-01-22  |l 0  |o PL8821 .Oi1  |p 2021-0300  |r 2021-01-22 00:00:00  |w 2021-01-22  |y BK 
999 |c 788  |d 788